Taylor Swift mystery lyrics #53 - Statistics

General Stats
  • This quiz has been taken 66 times
    47 since last reset
  • The average score is 260 of 277
Answer Stats
Answer % Correct
I
100%
it
100%
me
100%
you
100%
You
100%
a
97%
and
97%
And
97%
for
97%
had
97%
I'm
97%
in
97%
is
97%
love
97%
my
97%
the
97%
to
97%
your
97%
again
95%
are
95%
back
95%
but
95%
But
95%
call
95%
called
95%
'cause
95%
day
95%
ever
95%
getting
95%
Getting
95%
he
95%
I've
95%
last
95%
like
95%
Like
95%
mine
95%
never
95%
Never
95%
night
95%
of
95%
off
95%
Ooh
95%
ooh
95%
remember
95%
Remember
95%
say
95%
so
95%
telling
95%
that
95%
Then
95%
This
95%
this
95%
time
95%
together
95%
we
95%
We
95%
what
95%
broke
92%
cooler
92%
each
92%
enough
92%
falling
92%
fights
92%
first
92%
friends
92%
go
92%
hate
92%
how
92%
lasted
92%
miss
92%
month
92%
much
92%
needed
92%
other
92%
picking
92%
right
92%
said
92%
seen
92%
space
92%
talk
92%
than
92%
up
92%
were
92%
when
92%
around
89%
Baby
89%
break
89%
calls
89%
come
89%
forever
89%
gonna
89%
haven't
89%
indie
89%
mind
89%
peace
89%
really
89%
record
89%
screaming
89%
still
89%
think
89%
trust
89%
used
89%
with
89%
change
87%
he's
87%
Oh
87%
oh
87%
Saying
87%
some
87%
swear
87%
that's
87%
away
84%
find
84%
just
84%
know
84%
exhausting
82%
hide
82%
would
76%
mean
63%
Pfft
8%
No matching quizzes found
Score Distribution
Percent of People with Each Score
Percentile by Number Answered
Your Score History
You have not taken this quiz since the last reset